000 00289nam a22001337a 4500
008 170714b xxu||||| |||| 00| 0 eng d
020 _a9780881412994
041 _aeng
080 _a17
100 _a23
101 _aFIL
245 _aSTAGES ON LIFES WAY
_cBRECK.J
942 _2udc
_cBK
999 _c20718
_d20718